000 003740000a22001570004500
003 LK-CoMWRAF
008 230817t ||||| |||| 00| 0 eng d
040 _aLK-CoMWRAF
_dLK-CoMWRAF
_eLK-CoMWRAF
041 _aeng
082 _a023
_bPAR
100 _aParathithasan
245 _aThenaruvi
_b
260 _aMadras
_bPoombukar pirasuram
_c1978
300 _ap.151
942 _cBK
999 _c2812
_d2812